000 01690nam a2200493 a 4500
001 21063
003 VRT
005 20260211124059.0
008 240315s2012 xr a b 000 j slo
015 _aSNBZSA2013-00056
020 _a9788073532673
_q(brož.)
035 _a181A0423-914D-4782-9990-95B94A403B68
035 _aurn:nbn:sk:snk-amkbgd
035 _aurn:nbn:sk:snk-am008jha
039 9 _a202403151828
_bVLOAD
_c201904251100
_dAUTHORITY
_c201602082143
_dVLOAD
_c201301210940
_drsnk06
040 _aPPPK
_bslo
_cPPPK
_dSNK
_eAACR2
041 1 _aslo
_hcze
044 _axr
_cCZ
072 7 _a821.162.3
_xČeská literatúra
_2konspekt
072 7 _a821-93
_xLiteratúra pre deti a mládež (beletria)
_2konspekt
080 _a821.162.34
_22001
080 _a(0:82-193)
_22001
080 _a82-93
_22001
100 1 _aRožnovská, Lenka
_4aut
245 1 0 _aABCD hráme sa s písmenkami, s veselými rozprávkami
_cnapísala Lenka Rožnovská ; ilustrovala Petita Kůsová [preklad Aedit, s.r.o.]
246 3 0 _aHráme sa s písmenkami, s veselými rozprávakami
260 _aPraha
_bPierot
_c2012
300 _a39 s.
_bfareb. ilustr.
_c24 cm
500 _aPreložené z češtiny
655 7 _ačeské rozprávky
_2SNKPH
655 7 _ariekanky
_2SNKPH
655 7 _apoézia pre deti
_2SNKPH
655 7 _apublikácie pre deti
_2SNKPH
655 7 _aCzech fairy tales
_2SNKPHeng
655 7 _aChildren's literature
_2SNKPHeng
700 1 _aKůsová, Petita
_4ill
910 _asnk
910 _apokpoh
910 _ahevk
910 _asllk
910 _apppk
942 _2ddc
_cKLDE
_n0
949 _617A1050599
_asnkSC 151305
_bsnk2012/19475
_o109/5-dg80112
_s6100:20160112
999 _c21063
_d21063